Normal view
MARC view
- Anderson, John H. [from old catalog]
Entry Personal Name
001 - CONTROL NUMBER
- control field: 50488
003 - CONTROL NUMBER IDENTIFIER
- control field: NUST
005 - DATE AND TIME OF LATEST TRANSACTION
- control field: 20210314134644.0
008 - FIXED-LENGTH DATA ELEMENTS
- fixed length control field: 210314|| aca||aabn | a|a d
040 ## - CATALOGING SOURCE
- Original cataloging agency: NUST
- Transcribing agency: NUST
100 ## - HEADING--PERSONAL NAME
- Personal name: Anderson, John H. [from old catalog]
670 ## - SOURCE DATA FOUND
- Source citation: Work cat.: (NUST): Anderson, John H. [from old catalog], Grant's campaign in Virginia, May 1-June 30, 1864 including the operations in the Shenandoah Valley and on the River James,, C1908.
